L´occulteur: roman

Uloženo v:
Podrobná bibliografie
Hlavní autor: Lamirande, Claire de
Médium: Kniha
Jazyk:French
Vydáno: Quebec, Canadá Amérique 1982
Témata:
Tagy: Přidat tag
Žádné tagy, Buďte první, kdo vytvoří štítek k tomuto záznamu!

MARC

LEADER 00000nam a2200000Ia 4500
008 170316s9999 xx 000 0 fre d
040 |a cru BVZT 
090 |a 818 L-5o 
100 |a Lamirande, Claire de 
245 |a L´occulteur: roman 
260 |a Quebec, Canadá 
260 |b Amérique 
260 |c 1982 
300 |a 259 páginas 
650 |a LITERATURA CANADIENSE 
650 |a EN IDIOMA FRANCÉS 
650 |a NOVELA  |9 13 
999 |c 21929  |d 21929 
942 |c LIB  |h 818 L-5o  |2 z